<?xml version="1.0" encoding="UTF-8"?>
<collection xmlns="http://www.loc.gov/MARC21/slim">
  <record>
    <leader>00000nam  2200000   4500</leader>
    <controlfield tag="001">INLIS000000000019857</controlfield>
    <controlfield tag="005">20250425034051</controlfield>
    <datafield tag="035" ind1="#" ind2="#">
      <subfield code="a">0010-0425000200</subfield>
    </datafield>
    <controlfield tag="007">ta</controlfield>
    <controlfield tag="008">250425################|##########|#|##</controlfield>
    <datafield tag="084" ind1="#" ind2="#">
      <subfield code="a">R 0042 PKN II 2024</subfield>
    </datafield>
    <datafield tag="100" ind1=" " ind2="#">
      <subfield code="a">Emmanuel Agust Hartono</subfield>
    </datafield>
    <datafield tag="245" ind1="1" ind2="#">
      <subfield code="a">Strategi Transformasi Organisasi Lembaga Pengelola Dana Pendidikan Kementerian  Keuangan Menjadi Pengelola Dana Terpercaya SDan Adaptif  (Strategi  TOP) /</subfield>
      <subfield code="c">Emmanuel Agust Hartono</subfield>
    </datafield>
    <datafield tag="250" ind1="#" ind2="#">
      <subfield code="a">1</subfield>
    </datafield>
    <datafield tag="260" ind1="#" ind2="#">
      <subfield code="a">Jakarta :</subfield>
      <subfield code="b">Pusbangkom Pimnas,</subfield>
      <subfield code="c">2024</subfield>
    </datafield>
    <datafield tag="300" ind1="#" ind2="#">
      <subfield code="a">75 :</subfield>
      <subfield code="b">ilus ;</subfield>
      <subfield code="c">29 x 21 x 1</subfield>
    </datafield>
    <datafield tag="650" ind1="#" ind2="4">
      <subfield code="a">Keuangan</subfield>
    </datafield>
    <datafield tag="520" ind1="#" ind2="#">
      <subfield code="a">Lembaga Pengelola Dana Pendidikan (LPDP) Kementerian Keuangan&#13;
berperan penting dalam peningkatan kualitas SDM dan dukungan terhadap inovasi&#13;
bangsa Indonesia melalui pengelolaan dana abadi di bidang pendidikan serta&#13;
penyalurannya dalam berbagai program beasiswa, riset, peningkatan kualitas&#13;
perguruan tinggi, maupun pemajuan kebudayaan. Dalam melaksanakan tugasnya,&#13;
LPDP berkolaborasi dengan Kementerian/Lembaga Teknis (BRIN,&#13;
Kemendikbudristek, Kemenag). Hal ini dilakukan agar pemanfaatan Dana Abadi&#13;
di Bidang Pendidikan semakin inklusif serta dapat memberikan manfaat bagi&#13;
masyarakat.Lembaga Pengelola Dana Pendidikan memiliki fungsi pelaksanan dan&#13;
pengembangan investasi, beasiswa dan fasilitasi pendanaan riset. LPDP&#13;
melaksanakan pengelolaan dan pengembangan dana abadi yang hasilnya berupa&#13;
pendapatan negara bukan pajak dapat digunakan untuk program layanan.&#13;
Dalam melaksanakan tugas dan fungsi tentu saja LPDP menghadapi&#13;
berbagai kendala, tantangan dan permasalahan. Dalam perkembangannya dana&#13;
abadi bertambah jenisnya dan juga jumlah yang semakin besar serta&#13;
perkembangan jenis layanan dan output penerima program layanan tidak hanya&#13;
beasiswa dan riset, namun juga program kebudayaan dan perguruan tinggi yang&#13;
meningkat sangat siginfikan. Struktur organisasi, proses bisnis, sistem informasi&#13;
dan SDM yang ada belum secara optimal menampung dan mengantisipasi&#13;
kebutuhan layanan dan perubahan lingkungan yang cukup cepat. Untuk itu, pada&#13;
proyek perubahan ini di rumuskan Strategi Transformasi Organisasi Lembaga&#13;
Pengelola Dana Pendidikan menjadi Pengelola Dana terpercaya dan adaptif&#13;
dengan tujuan mengoptimalkan pengembangan dana untuk membiayai program&#13;
layanan melalui strategi investasi, menata kembali struktur organisasi LPDP dan&#13;
meningkatkan koordinasi dan sinergi dengan Kementerian Lembaga Teknis dalam&#13;
melaksanakan program layanan . Pada akhirnya proyek perubahan ini dapat&#13;
bermanfaat bagi mitra internal, eksternal dan masyakat khususnya dalam&#13;
efektifitas dan efisensi serta kemudahan dalam pelayanan LPDP kepada&#13;
masyarakat&#13;
Strategi tranformasi organisasi merupakan inovasi dalam proyek perubahan&#13;
dilaksanakan dengan hasil jangka pendek dengan ditetapkannya Keputusan&#13;
&#13;
5&#13;
Direktur Utama LPDP terkait Tim Transformasi Organisai, Rancangan Rencana&#13;
Strategis Bisnis 2025-2029 dan Usulan Struktur dan Tata kerja LPDP yang baru.&#13;
Untukjangka menengah tersedianya Peraturan Menteri Keuangan tentang&#13;
Organisasi dan Tata Kerja LPDP, Peraturan Direktur Utama terkait Strategi&#13;
investasi jangka panjang dan jejaring global. Sedangkan hasil jangka panjang&#13;
adalah Implementasi strategi bisnis dan investasi, implementasi sistem dan&#13;
informasi yang terintegrasi.</subfield>
    </datafield>
    <datafield tag="856" ind1="#" ind2="#">
      <subfield code="a">Perpustakaan Pusat LAN</subfield>
    </datafield>
    <datafield tag="990" ind1="#" ind2="#">
      <subfield code="a">2024/1.2.2/A/0042</subfield>
    </datafield>
  </record>
</collection>
